Famous Ancient Romans by Statue - Statistics

General Stats
  • This quiz has been taken 107 times
  • The average score is 11 of 20
Answer Stats
Picture Answer % Correct
Julius Caesar
82%
Marcus Aurelius
81%
Nero
78%
Cicero
61%
Commodus
61%
Caracalla
60%
Claudius
60%
Vespasian
59%
Sulla
56%
Scipio Africanus
55%
Septimius Severus
54%
Caligula
53%
Livia
51%
Marius
47%
Hadrian
46%
Cato
45%
Titus
38%
Germanicus
31%
Otho
24%
Fabius
16%
No matching quizzes found
Score Distribution
Percent of People with Each Score
Percentile by Number Answered
Your Score History
You have not taken this quiz